L'Express / (Record no. 856)

MARC details
000 -LEADER
campo de control de longitud fija 00820nas a2200229 i 4500
001 - NÚMERO DE CONTROL
campo de control 856
003 - IDENTIFICADOR DE NÚMERO DE CONTROL
campo de control ES-MaACL
005 - FECHA Y HORA DE LA ÚLTIMA TRANSACCIÓN
campo de control 20251013213012.0
008 - DATOS DE LONGITUD FIJA--INFORMACIÓN GENERAL
campo de control de longitud fija 950801c1953 fr | | 1 ||re d
022 ## - NÚMERO INTERNACIONAL NORMALIZADO PARA PUBLICACIONES SERIADAS
Número Internacional Normalizado para Publicaciones Seriadas 0014-5270
080 ## - NÚMERO DE LA CLASIFICACIÓN DECIMAL UNIVERSAL
Número de la Clasificación Decimal Universal (051)
245 02 - MENCIÓN DEL TÍTULO
Título L'Express /
Mención de responsabilidad, etc. [dir. J.J. Servan Schreiber].
260 ## - PUBLICACIÓN, DISTRIBUCIÓN, ETC.
Lugar de publicación, distribución, etc. Paris :
Nombre del editor, distribuidor, etc. L'Express,
Fecha de publicación, distribución, etc. 1953-
300 ## - DESCRIPCIÓN FÍSICA
Extensión 152 v. :
Otras características físicas grab. ;
Dimensiones 43 cm.
310 ## - PERIODICIDAD ACTUAL
Periodicidad actual Semanal
362 0# - FECHAS DE PUBLICACIÓN Y/O DESIGNACIÓN SECUENCIAL
Fecha de publicación y/o designación secuencial N° 1 (16 mayo 1953)-
650 14 - PUNTO DE ACCESO ADICIONAL DE MATERIA--TÉRMINO DE MATERIA
Término de materia o nombre geográfico como elemento de entrada Revistas de información general.
9 (RLIN) 16896
700 1# - ENTRADA AGREGADA--NOMBRE PERSONAL
Nombre de persona Servan-Schreiber, Jean-Jacques,
Fechas asociadas al nombre 1924-2006
9 (RLIN) 105855
852 ## - LOCALIZACIÓN
Ubicación ES-MaACL
Número de control de estantería HEM-H-161
Encuadernación hem-1201
Signatura antigua
866 #0 - MENCIÓN TEXTUAL DE FONDOS--UNIDAD BIBLIOGRÁFICA BÁSICA
Fondos 1964-68(1969f.n.961)(1970)1971-72(1973)(1974f.n.1215-1216)(1975)(1976f.n.1306)1977-80(1981f.n.1562-1564)(1982f.n.1604)(1983f.n.1668)1984-89(1990f.n.2018)(1991)-(2013).
Holdings
Estatus retirado Estado de pérdida Estado de daño No para préstamo Colección Biblioteca de origen Biblioteca actual Ubicación en estantería Fecha de adquisición Fuente de adquisición Total de préstamos Signatura topográfica completa Código de barras Visto por última vez Precio de reemplazo Tipo de ítem Koha
        Periódicos y Revistas Biblioteca del Ateneo de Madrid Biblioteca del Ateneo de Madrid Hemeroteca 17/01/2008     HEM-H-161 1000872 23/02/2023 23/02/2023 Revista